Word Ladder - From Dusk To Dawn - Statistics

General Stats
  • This quiz has been taken 114 times
  • The average score is 6 of 8
Answer Stats
Hint Answer % Correct
The darker stage of twilight Dusk
98%
First appearance of light Dawn
96%
Good fortune Luck
91%
A type of bird Duck
90%
To repair hole in socks Darn
60%
A room for photographs Dark
59%
To loiter Lurk
59%
An amusing adventure Lark
57%
No matching quizzes found
Score Distribution
Percent of People with Each Score
Percentile by Number Answered
Your Score History
You have not taken this quiz